Asian Population - Sudden Death - Statistics

General Stats
  • This quiz has been taken 39 times
  • The average score is 6 of 10
Answers on the Grid
Answers color-coded by a green-red scale on the quiz's grid according to % correct below.
China
Pakistan
Singapore
Brunei
Malaysia
Syria
Saudi Arabia
Indonesia
Iraq
Philippines
Nepal
Kazakhstan
North Korea
Turkmenistan
Iran
Qatar
Afghanistan
South Korea
Turkey
Mongolia
Israel
Laos
Vietnam
Japan
Bangladesh
Thailand
East Timor
UAE
Oman
India
 
Answer Stats
Answer % Correct
China
96%
Pakistan
88%
India
62%
Indonesia
58%
Philippines
54%
Japan
50%
Bangladesh
38%
Iran
38%
Vietnam
38%
Turkey
35%
No matching quizzes found
Score Distribution
Percent of People with Each Score
Percentile by Number Answered
Your Score History
You have not taken this quiz